Vincitori UEFA Men's Player of the Year Award - Statistics

Statistiche generali
  • Questo quiz è stato fatto 10 volte
  • Il punteggio medio è 12 su 13
Statistiche sulle risposte
Stagione Nazione Squadra Calciatore % Corretto
2013–14 Portogallo Real Madrid Cristiano Ronaldo
100%
2015–16 Portogallo Real Madrid Cristiano Ronaldo
100%
2016–17 Portogallo Real Madrid Cristiano Ronaldo
100%
2022–23 Norvegia Manchester City Erling Haaland
100%
2020–21 Italia Chelsea Jorginho
100%
2021–22 Francia Real Madrid Karim Benzema
100%
2010–11 Argentina Barcelona Lionel Messi
100%
2014–15 Argentina Barcelona Lionel Messi
100%
2011–12 Spagna Barcelona Andrés Iniesta
90%
2017–18 Croazia Real Madrid Luka Modrić
90%
2019–20 Polonia Bayern Munich Robert Lewandowski
90%
2018–19 Paesi Bassi Liverpool Virgil van Dijk
90%
2012–13 Francia Bayern Monaco Franck Ribéry
50%
Nessun quiz corrispondente trovato
Distribuzione punteggi
Percentuale di utenti per punteggio
Percentile per numero di risposta
I tuoi punteggi nel tempo
Non hai fatto questo quiz